[Event "Budapest FS08 Nadassy"]
[Site "Budapest"]
[Date "2021.08.15"]
[Round "8"]
[White "Mrithyunjay, Mahadevan"]
[Black "Schuetz, Peter"]
[Result "1-0"]
[WhiteElo "1985"]
[BlackElo "1826"]
[PlyCount "111"]
[EventDate "2021.08.07"]
[EventType "swiss"]
[EventRounds "12"]
[EventCountry "HUN"]
[SourceTitle "EXT 2022"]
[Source "ChessBase"]
[SourceDate "2021.10.06"]
[SourceVersion "1"]
[SourceVersionDate "2021.10.06"]
[SourceQuality "1"]
[WhiteTeam "Guests"]
[BlackTeam "Hungary"]
[WhiteTeamCountry "HUN"]
[BlackTeamCountry "HUN"]

1. e4 e5 2. Nf3 Nc6 3. Bb5 Nd4 4. Nxd4 exd4 5. 0-0 c6 6. Bc4 Nf6 7. d3 Bc5 8. e5 Ng8 9. Qh5 Qe7 10. Bg5 Qf8 11. Re1 b5 12. Bb3 a5 13. a4 g6 14. Qf3 h6 15. Bf6 Rh7 16. axb5 Bb7 17. e6 fxe6 18. bxc6 Bxc6 19. Rxe6+ Ne7 20. Bxe7 Rxe7 21. Qxf8+ Kxf8 22. Rxe7 Kxe7 23. Ba4 Bd5 24. c4 Be6 25. Nd2 Rf8 26. Nb3 Bb6 27. Re1 Kd6 28. h4 Rf4 29. g3 Rf3 30. Nc1 g5 31. hxg5 hxg5 32. Kg2 g4 33. Bd1 Rf8 34. Re4 Bf5 35. Rf4 Rf7 36. Bxg4 Be6 37. Rxf7 Bxf7 38. Bf5 Ke5 39. Bxd7 Bg6 40. f4+ Kd6 41. Bc8 Kc7 42. Be6 Kd6 43. f5 Bh5 44. Kh3 Bd1 45. g4 Bd8 46. Kg3 Bg5 47. Na2 Ke5 48. c5 Bc2 49. Bc4 Bb1 50. Kf3 Be3 51. Nc3 dxc3 52. Kxe3 cxb2 53. Kd2 a4 54. Kc3 a3 55. c6 Kd6 56. f6 1-0

[Event "Budapest FS05 FM-A"]
[Site "Budapest"]
[Date "2011.05.18"]
[Round "11"]
[White "Farkas, Richard"]
[Black "Schuetz, Peter"]
[Result "1/2-1/2"]
[WhiteElo "1989"]
[BlackElo "1925"]
[PlyCount "59"]
[EventDate "2011.05.07"]
[EventType "tourn"]
[EventRounds "11"]
[EventCountry "HUN"]
[SourceTitle "CBM 142 Extra"]
[Source "ChessBase"]
[SourceDate "2011.06.27"]
[SourceVersion "1"]
[SourceVersionDate "2011.06.27"]
[SourceQuality "1"]

1. e4 e5 2. Nf3 Nc6 3. Bb5 Nd4 4. Nxd4 exd4 5. 0-0 c6 6. Bc4 Nf6 7. Re1 d6 8. c3 dxc3 9. bxc3 Be7 10. f3 0-0 11. d4 b5 12. Bd3 Re8 13. h3 Qb6 14. Be3 a5 15. Bf2 Nh5 16. Qc1 Qd8 17. f4 Bh4 18. Qe3 Bxf2+ 19. Qxf2 f5 20. Nd2 fxe4 21. Rxe4 Rxe4 22. Bxe4 d5 23. Bd3 Qd6 24. Rf1 Bd7 25. g4 Nf6 26. f5 Qa3 27. Nb1 Qd6 28. Nd2 Qa3 29. Nb1 Qd6 30. Nd2 1/2-1/2

[Event "Budapest FS05 FM-A"]
[Site "Budapest"]
[Date "2011.05.17"]
[Round "10"]
[White "Schuetz, Peter"]
[Black "Kiss, Peter2222"]
[Result "0-1"]
[WhiteElo "1925"]
[BlackElo "1956"]
[PlyCount "62"]
[EventDate "2011.05.07"]
[EventType "tourn"]
[EventRounds "11"]
[EventCountry "HUN"]
[SourceTitle "CBM 142 Extra"]
[Source "ChessBase"]
[SourceDate "2011.06.27"]
[SourceVersion "1"]
[SourceVersionDate "2011.06.27"]
[SourceQuality "1"]

1. e4 c5 2. Nc3 Nc6 3. f4 d6 4. Nf3 g6 5. Bc4 Bg7 6. 0-0 e6 7. d3 Nge7 8. Qe1 0-0 9. f5 exf5 10. Qh4 h5 11. Bg5 Qd7 12. Bf6 a6 13. a4 b6 14. Qg5 Kh7 15. exf5 Nxf5 16. Bxg7 Kxg7 17. Nh4 Nce7 18. Nxf5+ Nxf5 19. Nd5 f6 20. Qd2 Rb8 21. Rae1 Re8 22. Qc3 Rf8 23. h3 b5 24. g4 hxg4 25. hxg4 Nd4 26. Rf2 b4 27. Qd2 Qxg4+ 28. Kh1 Rh8+ 29. Rh2 Qf3+ 30. Kg1 Qg3+ 31. Kh1 Rxh2+ 0-1

[Event "Budapest FS05 FM-A"]
[Site "Budapest"]
[Date "2011.05.16"]
[Round "9"]
[White "Xu, Fei"]
[Black "Schuetz, Peter"]
[Result "1-0"]
[WhiteElo "1951"]
[BlackElo "1925"]
[PlyCount "59"]
[EventDate "2011.05.07"]
[EventType "tourn"]
[EventRounds "11"]
[EventCountry "HUN"]
[SourceTitle "CBM 142 Extra"]
[Source "ChessBase"]
[SourceDate "2011.06.27"]
[SourceVersion "1"]
[SourceVersionDate "2011.06.27"]
[SourceQuality "1"]

1. e4 e5 2. Nf3 Nc6 3. Bb5 Nd4 4. Nxd4 exd4 5. 0-0 c6 6. Bc4 Nf6 7. Re1 d6 8. d3 Be7 9. c3 dxc3 10. Nxc3 0-0 11. Qf3 b5 12. Bb3 b4 13. Ne2 a5 14. h3 Ba6 15. Nd4 Rc8 16. Nf5 Ne8 17. Qg3 Kh8 18. Bf4 g5 19. Bd2 Bf6 20. d4 Rc7 21. a3 Bc8 22. axb4 Bxf5 23. exf5 Bxd4 24. Bxg5 Qc8 25. Rxa5 Bxb2 26. Qd3 d5 27. Re2 Bg7 28. f6 Nxf6 29. Bxf6 Bxf6 30. Bc2 1-0

[Event "Budapest FS05 FM-A"]
[Site "Budapest"]
[Date "2011.05.11"]
[Round "5"]
[White "Kantor, Reka"]
[Black "Schuetz, Peter"]
[Result "1-0"]
[WhiteElo "1947"]
[BlackElo "1925"]
[PlyCount "53"]
[EventDate "2011.05.07"]
[EventType "tourn"]
[EventRounds "11"]
[EventCountry "HUN"]
[SourceTitle "CBM 142 Extra"]
[Source "ChessBase"]
[SourceDate "2011.06.27"]
[SourceVersion "1"]
[SourceVersionDate "2011.06.27"]
[SourceQuality "1"]

1. e4 e5 2. Nf3 Nc6 3. Bb5 Nd4 4. Nxd4 exd4 5. 0-0 c6 6. Bc4 Nf6 7. Re1 d6 8. c3 b5 9. Bf1 dxc3 10. bxc3 Be7 11. d4 d5 12. e5 Ne4 13. Bd3 Ng5 14. f4 Ne6 15. f5 Nc7 16. Qh5 h6 17. Nd2 b4 18. f6 Bf8 19. cxb4 Be6 20. fxg7 Bxg7 21. Nb3 Qc8 22. Rf1 Nb5 23. a4 Nc7 24. Bd2 Rb8 25. Rac1 Qd7 26. Nc5 Qc8 27. b5 1-0

[Event "Budapest FS03 FM-A"]
[Site "Budapest"]
[Date "2010.03.14"]
[Round "9"]
[White "Torok, Tamas Titusz"]
[Black "Schuetz, Peter"]
[Result "0-1"]
[WhiteElo "2080"]
[BlackElo "1926"]
[PlyCount "88"]
[EventDate "2010.03.06"]
[EventType "tourn"]
[EventRounds "11"]
[EventCountry "HUN"]
[SourceTitle "CBM 135 Extra"]
[Source "ChessBase"]
[SourceDate "2010.05.04"]
[SourceVersion "1"]
[SourceVersionDate "2010.05.04"]
[SourceQuality "1"]

1. e4 e5 2. Nf3 Nc6 3. Bc4 Be7 4. d4 d6 5. d5 Nb8 6. Bd3 Nd7 7. c4 Nc5 8. Bc2 Nf6 9. Nc3 a5 10. h3 b6 11. Be3 0-0 12. 0-0 Re8 13. Nd2 g6 14. a3 Nh5 15. Nf3 Bf6 16. Qd2 Ba6 17. b4 Nd7 18. Bb3 Bc8 19. Ba4 Rf8 20. Bc6 Rb8 21. bxa5 bxa5 22. Ba7 Nf4 23. Nb5 a4 24. Bxb8 Nxb8 25. Qa5 Na6 26. Qxa4 g5 27. Nh2 h5 28. Qd1 Nc5 29. Re1 Kg7 30. Na7 Bxh3 31. gxh3 Qb8 32. Nb5 Nxh3+ 33. Kf1 Nf4 34. Re3 Qc8 35. a4 Nxe4 36. Rxe4 Qh3+ 37. Ke1 Qxh2 38. Ra3 Qh1+ 39. Kd2 Qxe4 40. Rc3 h4 41. f3 Qf5 42. Re3 h3 43. Re4 h2 44. Qh1 Rh8 0-1

[Event "Budapest FS03 FM-A"]
[Site "Budapest"]
[Date "2010.03.13"]
[Round "8"]
[White "Schuetz, Peter"]
[Black "Borda, Lajos"]
[Result "0-1"]
[WhiteElo "1926"]
[BlackElo "2076"]
[PlyCount "50"]
[EventDate "2010.03.06"]
[EventType "tourn"]
[EventRounds "11"]
[EventCountry "HUN"]
[SourceTitle "CBM 135 Extra"]
[Source "ChessBase"]
[SourceDate "2010.05.04"]
[SourceVersion "1"]
[SourceVersionDate "2010.05.04"]
[SourceQuality "1"]

1. e4 c5 2. Nc3 Nc6 3. f4 d6 4. Nf3 e6 5. Bc4 a6 6. a4 Nf6 7. Qe2 Be7 8. d3 d5 9. Bb3 d4 10. Nd1 Na5 11. 0-0 Nxb3 12. cxb3 a5 13. Ne5 Qc7 14. Bd2 b6 15. Nc4 Ba6 16. Nf2 h5 17. h3 0-0-0 18. Ne5 Bd6 19. g4 hxg4 20. Nexg4 Be7 21. Ne5 Rdf8 22. Rac1 Nh5 23. Qf3 g5 24. Nc4 Nxf4 25. Bxf4 gxf4 0-1

[Event "Budapest FS03 FM-A"]
[Site "Budapest"]
[Date "2010.03.12"]
[Round "7"]
[White "Radnai, Adam"]
[Black "Schuetz, Peter"]
[Result "1/2-1/2"]
[WhiteElo "2181"]
[BlackElo "1926"]
[PlyCount "59"]
[EventDate "2010.03.06"]
[EventType "tourn"]
[EventRounds "11"]
[EventCountry "HUN"]
[SourceTitle "CBM 135 Extra"]
[Source "ChessBase"]
[SourceDate "2010.05.04"]
[SourceVersion "1"]
[SourceVersionDate "2010.05.04"]
[SourceQuality "1"]

1. e4 e5 2. Nc3 Bc5 3. Bc4 Nc6 4. Qg4 g6 5. Qg3 Nf6 6. d3 Nh5 7. Qf3 0-0 8. h4 Nd4 9. Qd1 c6 10. Bh6 Re8 11. Qd2 b5 12. Bb3 a5 13. a4 Nxb3 14. cxb3 b4 15. Nd1 d5 16. Qc2 Qb6 17. Rc1 Bf8 18. Bxf8 Rxf8 19. Nf3 f6 20. Qxc6 Qxc6 21. Rxc6 Nf4 22. 0-0 Ba6 23. g3 Nxd3 24. Ne3 dxe4 25. Nd2 f5 26. Nd5 Rfd8 27. Nc7 Rac8 28. Rxa6 Rxc7 29. Nc4 Nc5 30. Rb6 1/2-1/2

[Event "Budapest FS03 FM-A"]
[Site "Budapest"]
[Date "2010.03.10"]
[Round "5"]
[White "Adam, Gyorgy Jr"]
[Black "Schuetz, Peter"]
[Result "1-0"]
[WhiteElo "2133"]
[BlackElo "1926"]
[PlyCount "89"]
[EventDate "2010.03.06"]
[EventType "tourn"]
[EventRounds "11"]
[EventCountry "HUN"]
[SourceTitle "CBM 135 Extra"]
[Source "ChessBase"]
[SourceDate "2010.05.04"]
[SourceVersion "1"]
[SourceVersionDate "2010.05.04"]
[SourceQuality "1"]

1. e4 e5 2. Nf3 Nc6 3. Bb5 Nd4 4. Ba4 Nxf3+ 5. Qxf3 Qf6 6. Qg3 Bc5 7. d3 Ne7 8. 0-0 Ng6 9. Nc3 c6 10. Bg5 Qd6 11. Bb3 a5 12. Kh1 0-0 13. f4 Bd4 14. f5 Nf4 15. a4 Nh5 16. Qh4 Nf6 17. Rf3 Re8 18. Rg3 Kf8 19. Bxf6 Qxf6 20. Qxh7 Qh6 21. Qxh6 gxh6 22. Rh3 Kg7 23. Rf1 Rh8 24. f6+ Kf8 25. Rg3 Rh7 26. Nd1 d6 27. c3 Bb6 28. Ne3 Be6 29. Bxe6 fxe6 30. Ng4 h5 31. Nf2 Bxf2 32. Rxf2 Kf7 33. Rg5 h4 34. Kg1 Rg8 35. Rxg8 Kxg8 36. f7+ Rxf7 37. Rxf7 Kxf7 38. g4 hxg3 39. h4 Kg6 40. Kg2 c5 41. c4 Kh6 42. Kxg3 Kg6 43. Kg4 Kf6 44. h5 Kg7 45. Kg5 1-0

[Event "Budapest FS03 FM-A"]
[Site "Budapest"]
[Date "2010.03.08"]
[Round "3"]
[White "Kis, Bela"]
[Black "Schuetz, Peter"]
[Result "1-0"]
[WhiteElo "2182"]
[BlackElo "1926"]
[PlyCount "75"]
[EventDate "2010.03.06"]
[EventType "tourn"]
[EventRounds "11"]
[EventCountry "HUN"]
[SourceTitle "CBM 135 Extra"]
[Source "ChessBase"]
[SourceDate "2010.05.04"]
[SourceVersion "1"]
[SourceVersionDate "2010.05.04"]
[SourceQuality "1"]

1. e4 e5 2. f4 Bc5 3. Nf3 d6 4. Bc4 Nc6 5. Nc3 a6 6. d3 Nf6 7. f5 Na5 8. Bg5 Nxc4 9. dxc4 c6 10. Qd3 b5 11. 0-0-0 Qa5 12. Bxf6 gxf6 13. Nd2 Ke7 14. Nb3 Qc7 15. Nxc5 dxc5 16. Qe3 Qb6 17. Rd5 Bb7 18. Qxc5+ Qxc5 19. Rxc5 Rad8 20. cxb5 axb5 21. a3 Rd4 22. Re1 Rhd8 23. b4 Rg8 24. g3 h5 25. Re3 Rgd8 26. h3 Rd2 27. Nd5+ R2xd5 28. exd5 Rxd5 29. Rd3 Rxd3 30. cxd3 Kd6 31. Kb2 Bc8 32. g4 Bd7 33. Kc3 hxg4 34. hxg4 Bc8 35. d4 exd4+ 36. Kxd4 Bd7 37. Rc3 Ke7 38. Kc5 1-0

[Event "Budapest FS02 FM-A"]
[Site "Budapest"]
[Date "2009.02.15"]
[Round "9"]
[White "Zilahi, Gabor"]
[Black "Schuetz, Peter"]
[Result "1-0"]
[WhiteElo "1995"]
[BlackElo "1974"]
[PlyCount "93"]
[EventDate "2009.02.07"]
[EventType "tourn"]
[EventRounds "9"]
[EventCountry "HUN"]
[SourceTitle "CBM 128 Extra"]
[Source "ChessBase"]
[SourceDate "2009.03.05"]
[SourceVersion "2"]
[SourceVersionDate "2009.03.25"]
[SourceQuality "1"]

1. d4 d5 2. e3 Nf6 3. Bd3 Nbd7 4. f4 c5 5. c3 e6 6. Nd2 Bd6 7. Qe2 0-0 8. Ngf3 g6 9. Ne5 Nh5 10. 0-0 f5 11. Ndf3 Ndf6 12. b3 Ne4 13. Bb2 Bd7 14. Nxd7 Qxd7 15. Rfd1 Rac8 16. Rac1 a6 17. c4 cxd4 18. Bxd4 Qe7 19. Bxe4 dxe4 20. Ne5 Nf6 21. Bb2 Rfd8 22. Rc2 Bxe5 23. Bxe5 Rxd1+ 24. Qxd1 Ng4 25. Bd4 Rd8 26. Rd2 Kf7 27. h3 Nf6 28. Bc3 Rxd2 29. Qxd2 Qd7 30. Qf2 Ng8 31. Bd4 Qe7 32. Qb2 h5 33. b4 Qh4 34. Bc3 Qd8 35. Bd4 Qh4 36. Qc3 Qd8 37. a4 g5 38. b5 axb5 39. axb5 gxf4 40. exf4 Nf6 41. Kf2 h4 42. b6 Nh5 43. Be3 Qg8 44. Qd2 Qc8 45. c5 Nf6 46. Qd6 Nd5 47. Bd4 1-0

[Event "Budapest FS02 FM-A"]
[Site "Budapest"]
[Date "2009.02.12"]
[Round "6"]
[White "Darazs, Zoltan"]
[Black "Schuetz, Peter"]
[Result "1-0"]
[WhiteElo "2239"]
[BlackElo "1974"]
[PlyCount "71"]
[EventDate "2009.02.07"]
[EventType "tourn"]
[EventRounds "9"]
[EventCountry "HUN"]
[SourceTitle "CBM 128 Extra"]
[Source "ChessBase"]
[SourceDate "2009.03.05"]
[SourceVersion "2"]
[SourceVersionDate "2009.03.25"]
[SourceQuality "1"]

1. d4 d5 2. Nf3 Nf6 3. c4 dxc4 4. Nc3 c5 5. d5 e6 6. e4 exd5 7. e5 d4 8. exf6 dxc3 9. Qxd8+ Kxd8 10. Bxc4 gxf6 11. Bxf7 Ke7 12. Bd5 Kd6 13. Bb3 Bg7 14. bxc3 Re8+ 15. Be3 Na6 16. 0-0-0+ Kc7 17. Bf4+ Kb6 18. Rd6+ Ka5 19. Nd2 b5 20. Bd5 Rb8 21. Nb3+ Ka4 22. Rc6 c4 23. Bxb8 Nxb8 24. Nd4 Nxc6 25. Bxc6 Re5 26. f4 Rh5 27. Re1 Bh6 28. g3 a6 29. Re8 Bg4 30. h4 Rc5 31. Kb2 Bh5 32. Rb8 Ka5 33. Be4 Ka4 34. Bc2+ Ka5 35. Nb3+ cxb3 36. axb3 1-0

[Event "Pardubice Infinity op 19th"]
[Site "Pardubice"]
[Date "2008.07.12"]
[Round "2"]
[White "Schuetz, Peter"]
[Black "Gergel, Vladimir P"]
[Result "0-1"]
[WhiteElo "1994"]
[BlackElo "2311"]
[PlyCount "34"]
[EventDate "2008.07.11"]
[EventType "swiss"]
[EventRounds "7"]
[EventCountry "CZE"]
[SourceTitle "CBM 125 Extra"]
[Source "ChessBase"]
[SourceDate "2008.09.01"]
[SourceVersion "1"]
[SourceVersionDate "2008.09.01"]
[SourceQuality "1"]

1. e4 c5 2. Nc3 Nc6 3. f4 d6 4. Nf3 a6 5. a4 g6 6. Bc4 Bg7 7. 0-0 Nd4 8. d3 e6 9. Nxd4 cxd4 10. Nb1 Ne7 11. Qe1 d5 12. exd5 exd5 13. Bb3 0-0 14. Qh4 Qd7 15. Bd2 h5 16. Re1 Nf5 17. Qg5 Kh7 0-1

[Event "Budapest FS04 FM-A"]
[Site "Budapest"]
[Date "2007.04.13"]
[Round "7"]
[White "Lorand, Norbert"]
[Black "Schuetz, Peter"]
[Result "1-0"]
[WhiteElo "2136"]
[BlackElo "2006"]
[PlyCount "107"]
[EventDate "2007.04.07"]
[EventType "tourn"]
[EventRounds "11"]
[EventCountry "HUN"]
[EventCategory "1"]
[SourceTitle "CBM 117 Extra"]
[Source "ChessBase"]
[SourceDate "2007.05.09"]
[SourceVersion "1"]
[SourceVersionDate "2007.05.09"]
[SourceQuality "1"]

1. e4 e5 2. Nf3 Nc6 3. Bb5 Nd4 4. Nxd4 exd4 5. d3 c6 6. Ba4 d5 7. exd5 Qxd5 8. 0-0 Be6 9. Bb3 Qf5 10. Re1 0-0-0 11. Bxe6+ fxe6 12. Qe2 Re8 13. c3 Bc5 14. Nd2 dxc3 15. bxc3 Nf6 16. Nc4 Nd5 17. d4 Bf8 18. Bd2 Kc7 19. Rab1 h5 20. Na5 Nb6 21. c4 c5 22. d5 e5 23. a4 Bd6 24. Be3 Rb8 25. Nb3 Nd7 26. Qd2 b6 27. a5 e4 28. Qe2 h4 29. h3 Rhf8 30. axb6+ axb6 31. Ra1 Qe5 32. Ra7+ Rb7 33. Rxb7+ Kxb7 34. Qg4 Rf7 35. Nd2 Nf6 36. Qg6 Re7 37. Qg5 Qh2+ 38. Kf1 Be5 39. Ke2 Rf7 40. Qg6 Re7 41. Nxe4 Nxe4 42. Qxe4 Bf6 43. Qf3 Kc7 44. Kd2 Be5 45. Kd3 Kd6 46. Qf8 Qxg2 47. Qd8+ Rd7 48. Qb8+ Rc7 49. Qxb6+ Kd7 50. Qe6+ Kd8 51. Qxe5 Qxh3 52. Qd6+ Rd7 53. Qf8+ Kc7 54. Qxc5+ 1-0

[Event "Budapest FS04 FM-A"]
[Site "Budapest"]
[Date "2007.04.08"]
[Round "2"]
[White "Schuetz, Peter"]
[Black "Darazs, Zoltan"]
[Result "0-1"]
[WhiteElo "2006"]
[BlackElo "2236"]
[PlyCount "76"]
[EventDate "2007.04.07"]
[EventType "tourn"]
[EventRounds "11"]
[EventCountry "HUN"]
[EventCategory "1"]
[SourceTitle "CBM 117 Extra"]
[Source "ChessBase"]
[SourceDate "2007.05.09"]
[SourceVersion "1"]
[SourceVersionDate "2007.05.09"]
[SourceQuality "1"]

1. e4 c5 2. Nc3 Nc6 3. f4 g6 4. Nf3 Bg7 5. Bc4 e6 6. 0-0 d6 7. d3 a6 8. a4 Nge7 9. Qe1 Nd4 10. Nxd4 cxd4 11. Ne2 d5 12. Bb3 dxe4 13. dxe4 d3 14. Nc3 Nc6 15. f5 0-0 16. fxe6 fxe6 17. Rxf8+ Bxf8 18. Be3 dxc2 19. Bxc2 Nd4 20. Bxd4 Qxd4+ 21. Kh1 Qe5 22. Rd1 b5 23. axb5 axb5 24. Qh4 b4 25. Na4 Qc7 26. Bb3 Be7 27. Qf2 Rb8 28. Rf1 Bd6 29. e5 Be7 30. Qf7+ Kh8 31. Qe8+ Kg7 32. Qf7+ Kh8 33. Bxe6 Ba6 34. b3 Bxf1 35. Qxf1 Qxe5 36. Bc4 Bd6 37. g3 Rf8 38. Qd1 Qe4+ 0-1

[Event "Budapest FS09 FM-B"]
[Site "Budapest"]
[Date "2006.09.11"]
[Round "10"]
[White "Berki, Ferenc"]
[Black "Schuetz, Peter"]
[Result "0-1"]
[WhiteElo "1989"]
[BlackElo "1944"]
[PlyCount "60"]
[EventDate "2006.09.02"]
[EventType "tourn"]
[EventRounds "13"]
[EventCountry "HUN"]
[SourceTitle "CBM 114 Extra"]
[Source "ChessBase"]
[SourceDate "2006.11.03"]
[SourceVersion "1"]
[SourceVersionDate "2006.11.03"]
[SourceQuality "1"]

1. c4 e5 2. Nc3 Nc6 3. Nf3 f5 4. d3 Nf6 5. g3 Bc5 6. Bg2 d6 7. 0-0 0-0 8. Na4 Qe8 9. Nxc5 dxc5 10. b3 Qh5 11. Ba3 Rd8 12. Bxc5 e4 13. Ne1 f4 14. Ba3 Ng4 15. h3 fxg3 16. fxg3 Ne3 17. Qd2 Nxf1 18. Kxf1 Bxh3 19. Nc2 exd3 20. exd3 Qf3+ 21. Kg1 Qxg2+ 22. Qxg2 Bxg2 23. Kxg2 Rxd3 24. Ne1 Rd2+ 25. Kg1 Rad8 26. Bc5 Rd1 27. Rxd1 Rxd1 28. Kf1 Ra1 29. a4 Ne5 30. Ke2 Rxe1+ 0-1

[Event "Budapest FS09 FM-B"]
[Site "Budapest"]
[Date "2006.09.08"]
[Round "7"]
[White "Schuetz, Peter"]
[Black "Dickson, Ian C"]
[Result "1-0"]
[WhiteElo "1944"]
[BlackElo "1910"]
[PlyCount "94"]
[EventDate "2006.09.02"]
[EventType "tourn"]
[EventRounds "13"]
[EventCountry "HUN"]
[SourceTitle "CBM 114 Extra"]
[Source "ChessBase"]
[SourceDate "2006.11.03"]
[SourceVersion "1"]
[SourceVersionDate "2006.11.03"]
[SourceQuality "1"]

1. e4 c5 2. Nc3 Nc6 3. f4 g6 4. Nf3 Bg7 5. Bc4 e6 6. 0-0 Nge7 7. Qe1 Nd4 8. Nxd4 cxd4 9. Nd1 0-0 10. d3 d5 11. Bb3 b5 12. Qh4 Nc6 13. Qxd8 Rxd8 14. a4 Na5 15. Ba2 bxa4 16. Bd2 Nc6 17. exd5 exd5 18. Bb1 Be6 19. Rxa4 a5 20. Ba2 Nb4 21. Bb3 Bd7 22. Ra1 a4 23. Bxb4 axb3 24. Rxa8 Rxa8 25. cxb3 Rb8 26. Ba3 Rxb3 27. Nf2 Bb5 28. Rc1 Bd7 29. Rc7 Be6 30. Ra7 h5 31. Kf1 Rb8 32. Ke1 Bh6 33. g3 g5 34. fxg5 Bxg5 35. Rc7 Rb3 36. Kd1 Be3 37. Kc2 Rb8 38. Nd1 Bg1 39. b4 Bg4 40. Rc5 Rd8 41. b5 Re8 42. Rc6 Re2+ 43. Kc1 Re1 44. b6 Bxd1 45. Rc8+ Kg7 46. b7 Ba4+ 47. Kb2 Re8 1-0

[Event "Budapest FS09 FM-B"]
[Site "Budapest"]
[Date "2006.09.07"]
[Round "6"]
[White "Mihajlova, Diana"]
[Black "Schuetz, Peter"]
[Result "0-1"]
[WhiteElo "1749"]
[BlackElo "1944"]
[PlyCount "84"]
[EventDate "2006.09.02"]
[EventType "tourn"]
[EventRounds "13"]
[EventCountry "HUN"]
[SourceTitle "CBM 114 Extra"]
[Source "ChessBase"]
[SourceDate "2006.11.03"]
[SourceVersion "1"]
[SourceVersionDate "2006.11.03"]
[SourceQuality "1"]

1. e4 e5 2. Bc4 Nf6 3. Nc3 Bc5 4. Nf3 d6 5. d4 exd4 6. Nxd4 Bg4 7. f3 Bd7 8. Bf4 a6 9. Qd2 b5 10. Bb3 0-0 11. g4 Bxd4 12. Qxd4 c5 13. Qd2 c4 14. Bxd6 Re8 15. Ba4 bxa4 16. 0-0-0 Bc6 17. h4 Nbd7 18. h5 Ne5 19. Qf4 Qa5 20. h6 Re6 21. hxg7 Rd8 22. Qh6 Nxf3 23. g5 Qxg5+ 24. Bf4 Rxd1+ 25. Rxd1 Qxh6 26. Bxh6 Nd7 27. Bf4 Kxg7 28. Nd5 Rxe4 29. Bg3 h5 30. Nb4 Bb5 31. Nd5 Rg4 32. Bf2 Rg2 33. Bd4+ Nxd4 34. Rxd4 Ne5 35. Rd1 Ng6 36. Rh1 h4 37. Ne3 Rf2 38. Rg1 h3 39. Kd1 h2 40. Rh1 Bc6 41. Ke1 Bxh1 42. Kxf2 Bb7 0-1

[Event "Pardubice op-J"]
[Site "Pardubice"]
[Date "2006.07.19"]
[Round "6"]
[White "Schuetz, Peter"]
[Black "Chigaeva, Anastasia"]
[Result "1-0"]
[WhiteElo "1944"]
[BlackElo "1850"]
[PlyCount "71"]
[EventDate "2006.07.14"]
[EventType "swiss"]
[EventRounds "7"]
[EventCountry "CZE"]
[SourceTitle "CBM 113 Extra"]
[Source "ChessBase"]
[SourceDate "2006.09.14"]
[SourceVersion "1"]
[SourceVersionDate "2006.09.14"]
[SourceQuality "1"]

1. e4 c5 2. Nc3 Nc6 3. f4 d6 4. Nf3 Nf6 5. Bc4 e6 6. Qe2 a6 7. a4 b6 8. 0-0 Be7 9. d3 Bb7 10. f5 e5 11. Nd5 Nxd5 12. Bxd5 0-0 13. c3 Qc7 14. h4 Na5 15. Ba2 b5 16. Bg5 h6 17. f6 hxg5 18. fxe7 Qxe7 19. Nxg5 g6 20. Nxf7 c4 21. Ng5 Rac8 22. Rxf8+ Rxf8 23. axb5 axb5 24. dxc4 bxc4 25. Bxc4+ Nxc4 26. Qxc4+ Kh8 27. Rf1 Rxf1+ 28. Qxf1 Kg7 29. Qc4 Ba8 30. b4 Qd7 31. b5 d5 32. Qc5 Kg8 33. exd5 Bxd5 34. c4 Be6 35. Nxe6 Qxe6 36. Qd5 1-0

[Event "Budapest FS04 FM-B"]
[Site "Budapest"]
[Date "2006.04.05"]
[Round "4"]
[White "Lakat, Gyula"]
[Black "Schuetz, Peter"]
[Result "1-0"]
[WhiteElo "2014"]
[BlackElo "1940"]
[PlyCount "91"]
[EventDate "2006.04.02"]
[EventType "tourn"]
[EventRounds "9"]
[EventCountry "HUN"]
[SourceTitle "CBM 111 Extra"]
[Source "ChessBase"]
[SourceDate "2006.05.09"]
[SourceVersion "1"]
[SourceVersionDate "2006.05.09"]
[SourceQuality "1"]

1. Nf3 d5 2. g3 Bf5 3. Bg2 Nf6 4. d3 e6 5. 0-0 Bc5 6. Nbd2 0-0 7. Nh4 Bg4 8. h3 Bh5 9. Ndf3 Nbd7 10. Bf4 Bb6 11. g4 Bg6 12. a4 c5 13. Nxg6 hxg6 14. Qd2 Rc8 15. b3 Ba5 16. Qc1 c4 17. bxc4 dxc4 18. Qa3 cxd3 19. cxd3 Nd5 20. Bd2 Bxd2 21. Nxd2 Rc2 22. Ra2 Rxa2 23. Qxa2 Nc3 24. Qc2 Nxe2+ 25. Kh1 Nf4 26. d4 Nxg2 27. Kxg2 Nf6 28. Nf3 Qd5 29. Rb1 Rd8 30. Rb5 Qd7 31. Rc5 Nd5 32. Rc4 a5 33. h4 Nb4 34. Qe4 b6 35. Ne5 Qxa4 36. Rc7 Rf8 37. Nxg6 Nd5 38. Qe5 Re8 39. Ra7 Qc2 40. h5 Nf6 41. Ne7+ Kf8 42. h6 Qh7 43. g5 Ng4 44. Qf4 Rxe7 45. Ra8+ Re8 46. Qd6+ 1-0

[Event "Groningen Harmonie op-A"]
[Site "Groningen"]
[Date "2005.12.26"]
[Round "3"]
[White "Schuetz, Peter"]
[Black "Sparenberg, Erik"]
[Result "1/2-1/2"]
[WhiteElo "1967"]
[BlackElo "2054"]
[PlyCount "136"]
[EventDate "2005.12.23"]
[EventType "swiss"]
[EventRounds "9"]
[EventCountry "NED"]
[SourceTitle "CBM 110 Extra"]
[Source "ChessBase"]
[SourceDate "2006.03.10"]
[SourceVersion "2"]
[SourceVersionDate "2006.03.10"]
[SourceQuality "1"]

1. e4 c5 2. Nc3 Nc6 3. f4 e6 4. Nf3 a6 5. Be2 d5 6. d3 b5 7. 0-0 d4 8. Nb1 Bb7 9. a4 Nf6 10. axb5 axb5 11. Rxa8 Qxa8 12. Na3 Qa5 13. Bd2 Qa6 14. Qe1 Be7 15. Qg3 0-0 16. Ne5 Qb6 17. Nxc6 Bxc6 18. e5 Ne8 19. Bc1 g6 20. f5 exf5 21. Rxf5 Ng7 22. Rf1 Bd5 23. h4 Ne6 24. h5 Kh8 25. hxg6 Rg8 26. Bh5 fxg6 27. Be2 Ng7 28. Bf3 Nf5 29. Qf4 Bxf3 30. Qxf3 c4 31. Qd5 Bxa3 32. bxa3 Ne3 33. Bxe3 dxe3 34. Qd6 Qxd6 35. exd6 Rd8 36. dxc4 bxc4 37. Rf6 Kg7 38. Re6 Kf7 39. Re7+ Kf6 40. Rxe3 Rxd6 41. Kf2 h5 42. Ke2 Kf5 43. Re8 c3 44. Rc8 Rd2+ 45. Kf3 Rxc2 46. Rc5+ Ke6 47. Rc6+ Kd5 48. Rxg6 Ra2 49. Rg5+ Kd4 50. Rxh5 c2 51. Rh1 Rxa3+ 52. Kf4 Ra8 53. g4 Kd3 54. Rh3+ Kd2 55. Rh2+ Kc3 56. Rh3+ Kb2 57. Rh2 Kb1 58. Rh1+ c1Q+ 59. Rxc1+ Kxc1 60. Kf5 Kd2 61. g5 Ke3 62. g6 Ra5+ 63. Kf6 Kf4 64. g7 Ra6+ 65. Kf7 Kf5 66. g8Q Ra7+ 67. Kf8 Ra8+ 68. Kf7 Ra7+ 1/2-1/2